Tous les clubs ayant participés à la Ligue des Champions - Statistiques

Statistiques générales
  • Ce quiz a été pris 37 fois
    36 depuis la dernière actualisation
  • Le résultat moyen est 104 sur 362
Statistiques - réponses
Pays Clubs % Correct
Italie AC Milan
82%
AJ Auxerre
82%
Juventus
82%
Lille
82%
Angleterre Manchester United
82%
OM
82%
AS Rome
79%
Inter Milan
79%
Lazio
79%
Liverpool
79%
Lyon
79%
Manchester City
79%
Napoli
79%
RC Lens
79%
Rennes
79%
Nantes
76%
PSG
76%
Arsenal
74%
AS Monaco
74%
Barcelone
74%
Chelsea
74%
Montpellier
74%
Porto
74%
Espagne Real Madrid
74%
OGC Nice
71%
France Stade de Reims
71%
Ajax
68%
Belgique Anderlecht
68%
Atalanta
68%
Bayern Munich
68%
Brest
68%
Celtic
68%
Cork Celtic
68%
Dortmund
68%
Ukraine Dynamo Kiev
68%
Pays-Bas PSV
68%
Saint-Etienne
68%
Séville
68%
Tottenham
68%
AB Copenhague
65%
Aston Villa
65%
Benfica
65%
Croatie Dinamo Zagreb
65%
FC Copenhague
65%
Fiorentina
65%
Turquie Galatasaray
65%
Leicester
65%
Newcastle
65%
Parme
65%
Atlético Madrid
62%
Bologne
62%
Bordeaux
62%
Feyenoord
62%
IFK Malmö
62%
Israel Maccabi Tel-Aviv
62%
Malmö FF
62%
Nottingham Forest
62%
Standard de Liège
62%
Torino
62%
Union Luxembourg
62%
Zurich
62%
Athletic Bilbao
59%
Bâle
59%
Braga
59%
Rangers
59%
RB Leipzig
59%
Sampdoria
59%
Portugal Sporting Lisbonne
59%
Strasbourg
59%
Austria Salzbourg
56%
BFC Dynamo
56%
Copenhague BK
56%
Eintracht Francfort
56%
FC Francfort
56%
Leverkusen
56%
Slovénie Olimpija Ljubljana
56%
Real Sociedad
56%
Steaua Bucarest
56%
Union Berlin
56%
Union Saint-Gilloise
56%
Young Boys
56%
Zénith Saint-Pétersbourg
56%
Beşiktaş
53%
Biélorussie Dynamo Minsk
53%
Genk
53%
Hambourg
53%
Maccabi Haïfa
53%
Grèce Olympiakós
53%
Suisse Servette
53%
Bétis
50%
CSKA Moscou
50%
Dinamo Tirana
50%
ETO Gyor
50%
Étoile Rouge
50%
Everton
50%
Hapoël Tel-Aviv
50%
Heart of Midlothian
50%
Helsinki JK
50%
KF Tirana
50%
La Gantoise
50%
Leeds
50%
Legia Varsovie
50%
Lyn Oslo
50%
Panathinaïkós
50%
RB Salzbourg
50%
Valence
50%
APOEL
47%
AZ
47%
Budapest Honvéd
47%
Fenerbahçe
47%
Rapid Bucarest
47%
Rapid JC
47%
Autriche Rapid Vienne
47%
Sparta Prague
47%
Udinese
47%
Valletta
47%
AEK Athènes
44%
Antwerp
44%
Arménie Ararat Erevan
44%
Austria Vienne
44%
Deportivo La Corogne
44%
Girona
44%
Finlande HPS Helsinki
44%
IFK Helsinki
44%
Málaga
44%
Hongrie MTK Budapest
44%
Werder Brême
44%
Kazakhstan Astana
41%
Cagliari
41%
Chakhtar Donetsk
41%
Club Bruges
41%
Cologne
41%
Ferencváros
41%
Bosnie FK Sarajevo
41%
Hajduk Split
41%
Stuttgart
41%
Villarreal
41%
Lausanne-Sports
38%
Serbie Partizan
38%
Schalke
38%
Slavia Prague
38%
Spartak Plovdiv
38%
Hellas Vérone
35%
Islande KR Reykjavik
35%
Lokomotiv Moscou
35%
Lokomotiv Sofia
35%
Rosenborg
35%
Moldavie Sheriff
35%
Slovaquie Slovan Bratislava
35%
Spartak Moscou
35%
Sturm Graz
35%
TSV Munich 1860
35%
Wisła Cracovie
35%
Wolfsbourg
35%
Aberdeen
32%
Boavista
32%
Bodø/Glimt
32%
Celta Vigo
32%
Cluj
32%
Göteborg
32%
Hertha Berlin
32%
İstanbul Başakşehir
32%
Mönchengladbach
32%
Trabzonspor
32%
Géorgie Dinamo Tbilissi
29%
Hoffenheim
29%
Maribor
29%
Nuremberg
29%
PAOK
29%
Blackburn
26%
Dundee FC
26%
Dundee United
26%
Azerbaidjan Qarabağ
26%
Twente
26%
Cork City
24%
Cork Hibernians
24%
Dynamo Dresde
24%
Grasshopper Zurich
24%
Kaïrat Almaty
24%
Lech Poznań
24%
Majorque
24%
Pafos
24%
Rubin Kazan
24%
AIK
21%
BATE
21%
Brøndby
21%
Derby County
21%
Kaiserslautern
21%
Krasnodar
21%
ŁKS Łódź
21%
Ludogorets
21%
Neuchâtel Xamax
21%
Plzeň
21%
Beitar Jérusalem
18%
Bulgarie CSKA Sofia
18%
Debrecen
18%
Rostov
18%
Zbrojovka Brno
18%
Aalborg
15%
AEL Limassol
15%
Chypre Anorthosis Famagouste
15%
Botev Plovdiv
15%
Bursaspor
15%
EP Amol Limassol
15%
Ipswich Town
15%
LASK
15%
Levski Sofia
15%
Lucerne
15%
Malines
15%
Irlande Shamrock Rovers
15%
Dnipro
12%
Dudelange
12%
Hansa Rostock
12%
Heerenveen
12%
Jeunesse d'Esch
12%
Midtjylland
12%
Nordsjælland
12%
Allemagne Rot-Weiss Essen
12%
RWDM
12%
VÖEST Linz
12%
AEK Larnaca
9%
Danemark Århus
9%
Bohemian
9%
Burnley
9%
DWS Amsterdam
9%
Ilves Tampere
9%
Molde
9%
Sion
9%
Śląsk Wrocław
9%
Thoune
9%
Universitatea Craiova
9%
Wacker Innsbruck
9%
Žilina
9%
Aris Bonnevoie
6%
Derry City
6%
Roumanie Dinamo Bucarest
6%
Dundalk
6%
Esbjerg
6%
Ecosse Hibernian
6%
Limerick
6%
Omonia
6%
Red Boys Differdange
6%
Ruch Chorzów
6%
Sarrebruck
6%
Sparta Rotterdam
6%
Unirea Urziceni
6%
Willem II
6%
1909 Odense
3%
Aarau
3%
Apollon Limassol
3%
B 1913 Odense
3%
Baník Ostrava
3%
Bohemians Prague
3%
Boldklubben
3%
Carl Zeiss Iéna
3%
Glentoran
3%
Kilmarnock
3%
Košice
3%
KSK Beveren
3%
Lierse
3%
OB Odense
3%
Oulun Palloseura
3%
Petrolul Ploiești
3%
Swarovski Tirol
3%
Turun Palloseura
3%
Újpest
3%
Vojvodina Novi Sad
3%
Waterford
3%
Wolves
3%
Admira Wacker
0%
AEL Larissa
0%
Akureyri
0%
Ards
0%
Argeș Pitești
0%
Athlone
0%
Åtvidabergs
0%
Avenir Beggen
0%
Beroe Stara Zagora
0%
Chemnitzer
0%
Coleraine
0%
Crusaders
0%
Csepeli
0%
Distillery
0%
Suède Djurgårdens
0%
Drumcondra
0%
République Tchèque Dukla Prague
0%
Eintracht Brunswick
0%
Elbasani
0%
Erzgebirge Aue
0%
Etar
0%
Flamurtari Vlorë
0%
Floriana
0%
Fram Reykjavik
0%
Novège Fredrikstad
0%
Irlande du Nord Glenavon
0%
Górnik Zabrze
0%
Pologne Gwardia Varsovie
0%
Haka Valkeakoski
0%
Halmstads
0%
Hamrun Spartans
0%
Helsingborgs
0%
Malte Hibernians
0%
Hradec Králové
0%
Hvidovre
0%
ÍA Akranes
0%
ÍB Vestmannaeyja
0%
IFK Norrköping
0%
Inter Bratislava
0%
Køge
0%
Kokkola
0%
KP Keflavík
0%
KP Valur
0%
KUPS
0%
La Chaux-de-Fonds
0%
Lillestrøm
0%
Linfield
0%
Lyngby
0%
Magdebourg
0%
Moss
0%
Olympiakos Nicosie
0%
Örgryte
0%
Östers
0%
Oţelul Galaţi
0%
Albanie Partizani Tirana
0%
Petržalka
0%
Polonia Bytom
0%
Portadown
0%
Progrès Niederkorn
0%
Rabat Ajax
0%
Reipas Lahti
0%
Sachsen Leipzig
0%
Shelbourne
0%
Skeid
0%
Lettonie Skonto Riga
0%
Sliema Wanderers
0%
Sligo Rovers
0%
Spartak Trnava
0%
Luxembourg Spora Luxembourg
0%
Stal Mielec
0%
Start
0%
St Patrick
0%
Strømsgodset
0%
Szombierki Bytom
0%
Tavria Simferopol
0%
Russie Torpedo Moscou
0%
UTA Arad
0%
Vålerenga
0%
Macédoine Vardar
0%
Vasas
0%
Vejle
0%
Viking
0%
Víkingur Reykjavik
0%
Vítkovice
0%
Vllaznia
0%
VV DOS
0%
Widzew Łódź
0%
Wiener Sport-Club
0%
Zagłębie Lubin
0%
Lituanie Žalgiris Vilnius
0%
Željezničar Sarajevo
0%
Zorya
0%
Aucun quiz correspondant
Distribution des résultats
% des personnes avec chaque résultat
Percentile par nombre de réponses
Votre historique - résultats
Vous n’avez pas pris ce quiz depuis la dernière actualisation